000 00331nam a22001457a 4500
008 250515b |||||||| |||| 00| 0 eng d
020 _a9781787465015
050 _aPR6110
_b.A37
100 _aJafari, Sara
245 _aThe Mismatch
260 _aElcograf
_bArrow
_c2021
300 _a450p.
650 _aLove Stories
942 _cBK
999 _c3523
_d3523